000 00697nam a2200217 a 4500
001 000011928
005 20210311001209.0
008 091102s1907 dr 000 p spa d
040 _aDO-SdBNP
_bspa
_cBNPHU
082 _aRD861.42
_bB363a,1910
100 1 _aBazil, Osvaldo
_d1884-1946
_924638
245 1 0 _aArcos Votivos /
_cOsvaldo Bazil ; prólogo de Conde Kostia.
246 1 8 _aArcos Votivos
260 _a[La Habana] :
_b[Avisador Comercial],
_c[1907].
300 _a100 p. ;
_c25 cm.
590 _aInventariado, 2018/VM
650 0 _aPoesía dominicana
_966
650 4 _aLiteratura dominario
_928204
700 1 _aKostia, Conde
_epról.
_928205
910 _aValidado. Control de calidad MFF
999 _c11598
_d11598